LEADER 01257oam 2200421zu 450 001 9910141192303321 005 20241212220147.0 035 $a(CKB)2670000000140108 035 $a(SSID)ssj0000669061 035 $a(PQKBManifestationID)12310142 035 $a(PQKBTitleCode)TC0000669061 035 $a(PQKBWorkID)10705058 035 $a(PQKB)10239689 035 $a(NjHacI)992670000000140108 035 $a(EXLCZ)992670000000140108 100 $a20160829d2011 uy 101 0 $aeng 135 $aur||||||||||| 181 $ctxt 182 $cc 183 $acr 200 10$a2011 22nd International Workshop on Database and Expert Systems Applications 210 31$a[Place of publication not identified]$cIEEE$d2011 215 $a1 online resource 300 $aBibliographic Level Mode of Issuance: Monograph 311 08$a9780769544861 311 08$a076954486X 311 08$a9781457709821 311 08$a1457709821 606 $aDatabase management$vCongresses 615 0$aDatabase management 676 $a005.7565 702 $aieee 801 0$bPQKB 906 $aPROCEEDING 912 $a9910141192303321 996 $a2011 22nd International Workshop on Database and Expert Systems Applications$92367419 997 $aUNINA